| 000 | 00555nam a2200181 i 4500 | ||
|---|---|---|---|
| 001 | 159190 | ||
| 003 | ES-MaACL | ||
| 005 | 20240516063100.0 | ||
| 008 | 040908s1894 fr |||| | fre d | ||
| 040 |
_aCAM _bspa _cCAM |
||
| 100 | 1 |
_aMaupassant, Guy de, _d1850-1893 _979214 |
|
| 245 | 1 | 0 |
_aMiss Harriet / _cGuy de Maupassant. |
| 250 | _aNouvelle éd. revue. | ||
| 260 |
_aParis : _bPaul Ollendorff, _c1894 ( _fE. Kapp) |
||
| 300 |
_a348 p. ; _c19 cm. |
||
| 852 |
_aES-MaACL _jB-3187 _z-- Enc. pasta española |
||
| 999 |
_c159190 _d159190 |
||